000 00655nam a2200181Ia 4500
001 20514
005 20260306172811.0
008 260306t2020||||xx |||||||||||||| ||spa||
041 _aESP
082 _a343.334
_bD44S
100 _aDefensoría del Pueblo. Adjuntía para los Derechos de la Mujer
_eAUT
245 0 _aSupervisión a las medidas de protección dictadas en juzgados de paz letrados y en juzgados especializados de los módulos:
_bjudiciales integrados en violencia contra las mujeres e integrantes del grupo familiar
260 _c2020
300 _a41 páginas :
_c21 cm.
650 _aGEN
654 _aCDE
942 _cLIB
_dJUS
_fJUS
_2ddc
_n
999 _c20514
_d20514